000 01218 a2200265 4500
005 20080903114429.0
008 080903t xxu||||| |||| 00| 0 hin d
010 _aHIN-78912
020 _a8189373056
_c150.00
035 _aHN-51258
035 _aB-326497
037 _bD.B.Act/ pub
082 _a821
100 _aनिगम, अखिलेश "अखिल"
245 _aअभिलाषा
_cअखिलेश निगम "अखिल"
246 _aAbhilasha
_bby Akhilesh Nigam "Akhil"
260 _aदिल्ली
_bदेवलोक प्रकाशन
_c2006
270 _a1362,कश्मीरी गेट
_bदिल्ली
_e110006
300 _a111पृ
_c22सेमी (सजिल्द)
650 _aहिन्दी कविताएँ
650 _aHindi Poems
942 _adpl
_cHN
_k821 / निगम
_2ddc
_h821
_mनिगम
999 _c993
_d993